| 000 | 01750cam a22004094i 4500 | ||
|---|---|---|---|
| 003 | PE-LiUPU | ||
| 005 | 20250731173216.0 | ||
| 008 | 150625s r 000 0 d | ||
| 035 | _a(Sirsi) a33073 | ||
| 040 |
_aPE-LiUPU _bspa _cPE-LiUPU _erda |
||
| 082 | 0 | 4 |
_a225.0222 _bN532 _223 |
| 130 |
_aBiblia. _91608 |
||
| 245 | 1 | 4 |
_aThe new Testament of our Lord and Savior Jesus Christ : _bIn eight 32-page Portions, with over 500 illustrations and with 14 maps / _cThe American Bible Society |
| 264 | 1 |
_aNew York, N.Y. : _bThe American Bible Society, _c[19__] |
|
| 300 |
_aPaginación variada : _bIlustrado, fotos, mapas ; _c28 centímetros. |
||
| 336 |
_atext _2rdacontent |
||
| 337 |
_aunmediated _2rdamedia |
||
| 338 |
_avolume _2rdacarrier |
||
| 500 | _aTítulo en cubierta: "The good News: The New Testament with over 500 illustrations and maps" | ||
| 505 | _aThe light of the world. Saint Matthew -- Sowing the seed. Saint Mark -- The Good News. Saint Luke -- He gave his only son.Saint Jhon -- In to all the world. The acts of the apostles -- More than conqueros. Romans, I Corinthians, II Corinthians -- A cloud of witnesses. Galatians, Ephesians, Philippians, Colossians, I & II Thessalonians, I & II Timothy, Titus, Philemon, Hebrews -- Out of death into life. James, I & II Peter, I, II & III Jhon, Jude, Revelation. | ||
| 526 | _aSEG42 | ||
| 526 | _aSEG41 | ||
| 526 | _aSEG40 | ||
| 526 | _aSEG39 | ||
| 526 | _aP94 | ||
| 526 | _aP87 | ||
| 526 | _aP86 | ||
| 526 | _aP85 | ||
| 526 | _aP77 | ||
| 526 | _aP76 | ||
| 526 | _aP35 | ||
| 630 | 0 |
_aBiblia. _pNuevo Testamento _vIlustraciones _91610 |
|
| 942 |
_2ddc _cBK _n0 |
||
| 980 |
_81 _gALBERTO SANCHEZ Responsable de Automatización |
||
| 999 |
_c40795 _d40795 |
||